000 00472nam a22001817a 4500
003 OSt
005 20150123150506.0
008 150123b xxu||||| |||| 00| 0 eng d
020 _a1873868081
040 _cDNLM
082 _aWD 308 H641 1993
245 _aHIV infection and children in need /
_cEdited by Daphne Batty.
260 _aLondon:
_bBAAF;
_c1993.
300 _a150 p :
_c23 cm.
650 _aHIV
_92583
700 _4Editor
_aBatty Daphne
_92650
942 _2z
_cSLOAN
999 _c984
_d984